Statistiken für Österreichische Bundeskanzler nach Bild

Klicken Sie hier um das Quiz zu spielen!

Allgemein

  • Dieses Quiz wurde 52 mal gespielt
  • Das Durchschnittsergebnis liegt bei 13 aus 26

Antwortstatistiken

Antwort% Korrekt
Sebastian Kurz
97%
Brigitte Bierlein
92%
Wolfgang Schüssel
90%
Christian Kern
87%
Werner Faymann
87%
Bruno Kreisky
85%
Alfred Gusenbauer
82%
Engelbert Dollfuß
64%
Franz Vranitzky
62%
Viktor Klima
62%
Karl Renner
59%
Leopold Figl
59%
Fred Sinowatz
51%
Kurt Schuschnigg
51%
Julius Raab
41%
Arthur Seyß-Inquart
36%
Josef Klaus
36%
Alfons Gorbach
33%
Ignaz Seipel
21%
Johann Schober
18%
Michael Mayr
15%
Carl Vaugoin
13%
Rudolf Ramek
13%
Karl Buresch
10%
Ernst Streeruwitz
8%
Otto Ender
8%

Verteilung der Resultate

Perzentil nach korrekt beantworteten Fragen

Anzahl Personen mit jedem Resultat

Ihre Resultats-Entwicklung

Sie haben dieses Quiz noch nicht gespielt